000 00800nam a2200133Ia 4500
008 231129s2008||||xx |||||||||||||| ||spa||
020 _a978-958-719-084-7
040 _bspa
082 _a320.1 C756
245 0 _aLa constitución de identidades subalternizadas en el discurso jurí­dico y literario colombiano en el siglo XIX / Farid Samir Benavides Vanegas ed; Grupo de investigación transformaciones jurí­dico e identitarias en el moderno colonial capitalista sistema/mundo Colectivo de estudios poscoloniales/Decoloniales en
260 _c2008
264 _aColombia Universidad Nacional de Colombia. Facultad de Derecho Ciencias Polí­ticas y Sociales. Instituto Unidad de Investigaciones Jurí­dico-Sociales Gerardo Molina (UNIJUS)
942 _2ddc
_cBKS
999 _c16739
_d16739